000 00357nam a22001457a 4500
020 _a9789350238738
082 _a006.693 PAR
100 _aParisi, Tony
245 _aWebGL up and running
260 _aSPD Publishing
_bNew Delhi
_c2012
300 _aix, 211p. :
_e25 cm
650 _aApplication software--Development
700 _aTony Parisi
942 _cBK
999 _c11651
_d11651